«Арсенал» - Армагеддон - Statistics

General Stats
  • This quiz has been taken 10 times
    5 since last reset
  • The average score is 24 of 50
Answers on the Grid
Answers color-coded by a green-red scale on the quiz's grid according to % correct below.
Тьерри Анри
Деннис Бергкамп
Матео Ковачич
Санти Касорла
Эмманюэль Пети
Патрик Виейра
Карлос Бакка
Эшли Коул
Весли Сонк
Эсекьель Лавесси
Иван Перишич
Хуан Куадрадо
Тони Адамс
Хамес Родригес
Марек Гамшик
Месут Озиль
Иван Ракитич
Робин ван Перси
Йенс Леманн
Поль Погба
Жереми Тулалан
Андрей Аршавин
Сильвен Вильтор
Иан Райт
Марсело
Аарон Рэмзи
Франк Рибери
Габриэл Мартинелли
Фредди Юнгберг
Патрис Эвра
Уэйн Руни
Ведран Чорлука
Сеск Фабрегас
Оливье Жиру
Габриэл Жезус
Александр Глеб
Николя Анелька
Марио Манджукич
Дарио Срна
Сидней Гову
Мартин Эдегор
Кай Хаверц
Дэвид Бекхэм
Стив Макманаман
Маруан Шамах
Пол Скоулз
Жерар Пике
Эммануэль Адебайор
Франческо Тольдо
Самир Насри
Патрик Клюйверт
Юрий Жирков
Робер Пирес
Майкл Оуэн
Джек Уилшир
Войцех Щенсный
Стивен Джеррард
Эдгар Давидс
Анхель Ди Мария
Мартин Киоун
Лоран Косельни
Матс Хуммельс
Алан Ширер
Томаш Росицкий
Нванкво Кану
Вильям Галлас
Дидье Дешам
Жозе Бозингва
Джоване Элбер
Матьё Фламини
Виктор Дьёкереш
Гранит Джака
Уго Льорис
Алексис Санчес
Самюэль Это’о
Пер Мертезакер
Сол Кэмпбелл
Райан Гиггз
Микель Артета
Фабьен Бартез
Лукас Подольски
Антуан Гризманн
Шкодран Мустафи
Руд ван Нистелрой
Роман Павлюченко
Петр Чех
Карим Бензема
Тео Уолкотт
Самюэль Умтити
Н’Голо Канте
Дэнни Уэлбек
Алессандро Неста
Лука Модрич
Рэй Парлор
Александр Зинченко
Лилиан Тюрам
Луиш Фигу
Сеад Колашинац
Александр Ляказетт
 
Answer Stats
Answer % Correct
Сеад Колашинац
100%
Тьерри Анри
75%
Деннис Бергкамп
75%
Санти Касорла
75%
Аарон Рэмзи
75%
Габриэл Жезус
75%
Александр Глеб
75%
Джек Уилшир
75%
Сол Кэмпбелл
75%
Шкодран Мустафи
75%
Тео Уолкотт
75%
Дэнни Уэлбек
75%
Александр Зинченко
75%
Александр Ляказетт
75%
Патрик Виейра
50%
Месут Озиль
50%
Робин ван Перси
50%
Иан Райт
50%
Габриэл Мартинелли
50%
Сеск Фабрегас
50%
Оливье Жиру
50%
Кай Хаверц
50%
Эммануэль Адебайор
50%
Самир Насри
50%
Войцех Щенсный
50%
Лоран Косельни
50%
Томаш Росицкий
50%
Матьё Фламини
50%
Виктор Дьёкереш
50%
Алексис Санчес
50%
Пер Мертезакер
50%
Микель Артета
50%
Лукас Подольски
50%
Петр Чех
50%
Эмманюэль Пети
25%
Эшли Коул
25%
Йенс Леманн
25%
Андрей Аршавин
25%
Сильвен Вильтор
25%
Фредди Юнгберг
25%
Мартин Эдегор
25%
Маруан Шамах
25%
Робер Пирес
25%
Мартин Киоун
25%
Вильям Галлас
25%
Гранит Джака
25%
Тони Адамс
0%
Николя Анелька
0%
Нванкво Кану
0%
Рэй Парлор
0%
No matching quizzes found
Score Distribution
Percent of People with Each Score
Percentile by Number Answered
Your Score History
You have not taken this quiz since the last reset